Biblioteca Parlamentaria
Catálogo en línea

Teoría de la motivación de las resoluciones judiciales y jurisprudencia de casación y electoral (Registro nro. 65057)

000 -CABECERA
Campo de control interno nam a22 7a 4500
005 - FECHA Y HORA DE LA CATALOGACION
Campo de control 20230323095430.0
008 - ELEMENTOS DE LONGITUD FIJA - INFORMACION
Elementos de Longitud Fija - Informaci 230202b xxu||||| |||| 00| 0 eng d
020 ## - INTERNATIONAL STANDARD BOOK NUMBER
ISBN 978-9978-92-806-6
040 ## - ORIGEN DE LA CATALOGACION
Origen de la Catalogación ANE
041 ## - CODIGO DE LENGUAJE
Código de lenguaje del texto Es
082 ## - NUMERO DE CLASIFICACION DECIMAL DEWEY
1ra. Clasificación 345 E77
100 ## - AUTOR PERSONAL
Autor Personal Espinosa Cueva, Carla
245 ## - TÍTULO GENERAL
Título Teoría de la motivación de las resoluciones judiciales y jurisprudencia de casación y electoral
260 ## - EDITORIAL
Ciudad Quito
Fecha 2010
300 ## - DESCRIPCION
Número de páginas 147 p.
942 ## - ELEMENTOS DE KOHA
Esquema de Clasificaci
Tipo de Documento Libros
Catalogador Nr.
Existencias
Withdrawn status Lost status Fuente de Clasificaci Damaged status Not for loan Ubicaci Biblioteca Fecha de Adquisición Vía de adquisición Signatura Topogr Código de barras Date last seen Price effective from Tipo de Item
          Biblioteca Asamblea Nacional Biblioteca Asamblea Nacional 2023-03-23 Donación 345 E77 48795 2023-02-02 2023-02-02 Libros
Dirección: Av. 6 de Diciembre y Piedrahita | Quito - Ecuador
Teléfonos: 593-23991000 Ext: 1147/1148
Correo:
archivo.biblioteca@asambleanacional.gob.ec

Soporte: FusionSolutions Cia. Ltda
archivobiblioteca white

Con tecnología Koha